| 000 | 00720nam a2200241Ia 4500 | ||
|---|---|---|---|
| 003 | OSt | ||
| 005 | 20220926021509.0 | ||
| 006 | a|||||r|||| 00| 0 | ||
| 007 | ta | ||
| 008 | 220923b |||||||| |||| 00| 0 eng d | ||
| 037 | _cGeneral Book | ||
| 040 |
_aRTL _cRTL _beng |
||
| 041 |
_2eng _aeng |
||
| 082 | _aX9(M97).1.N7, UN | ||
| 110 |
_aUnited Nations Industrial Development Organization. _9236254 |
||
| 245 | 0 | _aConsultation on the leather and leather products i | |
| 260 |
_aNew York _bUN USA |
||
| 490 | _v3rd | ||
| 650 | _aLeather | ||
| 700 |
_aUnited Nations Industrial Development Organization. _9236255 |
||
| 942 |
_hX9(M97).1.N7, UN _cGB _2CC |
||
| 999 |
_c636923 _d636923 |
||